| 000 | 01908nam a2200457Ii 4500 | ||
|---|---|---|---|
| 001 | DIGECOED0010 | ||
| 003 | NyNyDIG | ||
| 008 | 150201s2010 a ck ob 000 0 spa d | ||
| 006 | m o d | ||
| 007 | cr ||||||||||| | ||
| 035 | _a(OCoLC)1020049310 | ||
| 040 |
_aDGITA _beng _erda _epn _cDGITA |
||
| 020 | _z9789586486491 | ||
| 020 | _z9586486494 | ||
| 043 | _as-ck--- | ||
| 050 | 1 | 4 | _aHT241 eBook |
| 050 | 1 | 4 | _aNA2542.S6 eBook |
| 100 | 1 |
_aLeal del Castillo, Gabriel, _eauthor. |
|
| 245 | 1 | 0 |
_aEcourbanismo : _bciudad, medio ambiente y sostenibilidad / _cGabriel Leal del Castillo. |
| 250 | _aSegunda edición. | ||
| 264 | 1 |
_aBogota, D.C. : _bECOE Ediciones, _c2010. |
|
| 300 |
_a1 online resource (xxxii, 280 pages) : _billustrations. |
||
| 336 |
_atext _btxt _2rdacontent |
||
| 337 |
_acomputer _bc _2rdamedia |
||
| 338 |
_aonline resource _bcr _2rdacarrier |
||
| 490 | 1 | _aColección Ciencias naturales. Área Ecología, medio ambiente y ciencias agrícolas. | |
| 588 | 0 | _aOnline resource; title from ePub and PDF title page (Digitalia, viewed January 10, 2015) | |
| 504 | _aIncludes bibliographical references (pages 277-280) and indexes. | ||
| 650 | 0 |
_aCity planning _xEnvironmental aspects. |
|
| 650 | 0 | _aUrban ecology (Sociology) | |
| 650 | 0 |
_aUrbanization _xEnvironmental aspects. |
|
| 650 | 0 | _aSustainable development. | |
| 655 | 0 | _aElectronic books | |
| 791 | 2 |
_aDigitalia (Firm), _edistributor. |
|
| 793 | 0 |
_gDigitalia eBook Collection: _aECOE Ediciones |
|
| 776 | 0 | 8 |
_iPrint version: _aLeal del Castillo, Gabriel. _tEcourbanismo. Segunda edición. _dBogotá, D.C.: ECOE Ediciones, 2010 _z9789586486491. |
| 830 | 0 |
_aColección Textos universitarios (ECOE Ediciones). _pÁrea Ecología, medio ambiente y ciencias agrícolas. |
|
| 856 | 4 | 0 |
_3Digitalia Hispánica _uhttps://www.digitaliapublishing.com/a/29919/ |
| 910 | _aPremium Collection: 2015 | ||
| 942 | _cRAA | ||
| 999 |
_c240100 _d240100 |
||